Sports Quiz

Random Sports or Football Quiz

NFL Starting QBs (2000s) Quiz Stats

 Plays Quiz Updated Dec 19, 2019

     
Support Sporcle.
Go Orange.
Score 0/161 Timer 20:00
6 Plays Today
Teams Started For Quarterback % Correct
IndPeyton Manning
97.9%
NETom Brady
97.1%
NygEli Manning
97.1%
GB/Nyj/MinBrett Favre
94.8%
SD/NODrew Brees
93.8%
PhiDonovan McNabb
90.7%
Stl/Nyg/ArzKurt Warner
83.8%
SeaMatt Hasselbeck
81%
WasTim Hasselbeck
78.9%
AtlMichael Vick
78.8%
CinCarson Palmer
78.3%
NygJesse Palmer
76.3%
PitBen Roethlisberger
76.1%
SDPhilip Rivers
75.6%
SFAlex Smith
74.9%
DalTony Romo
74.5%
Ten/BalSteve McNair
74.2%
BalTroy Smith
73.7%
CinAkili Smith
73.6%
Den/ChiJay Cutler
73.4%
Nyg/Oak/TenKerry Collins
70.1%
AtlMatt Ryan
69%
GBAaron Rodgers
69%
CarJake Delhomme
68.9%
WasTodd Collins
68.4%
NE/Buf/DalDrew Bledsoe
68.3%
TenVince Young
68.3%
SF/Cle/Det/Phi/TBJeff Garcia
68.2%
Min/Mia/Oak/DetDaunte Culpepper
68%
Nyj/MiaChad Pennington
65.3%
StlMarc Bulger
63.8%
Hou/CarDavid Carr
63.7%
Was/TB/Min/DalBrad Johnson
63.4%
BalJoe Flacco
63.3%
Buf/TBRob Johnson
62.9%
AtlDoug Johnson
62.8%
TBJosh Johnson
62.6%
Arz/DenJake Plummer
60.2%
Chi/DenKyle Orton
60.2%
Stl/KC/MiaTrent Green
58.6%
NE/KCMatt Cassel
57.9%
OakJaMarcus Russell
57.2%
ChiRex Grossman
56.7%
Atl/HouMatt Schaub
55.4%
JacDavid Garrard
54.5%
Jac/Was/NOMark Brunell
52.9%
Sea/Cin/DetJon Kitna
52.6%
DetMatthew Stafford
52.3%
OakRich Gannon
52.2%
WasJason Campbell
51.2%
MinTarvaris Jackson
51.1%
NyjMark Sanchez
50.9%
DenJarious Jackson
50.8%
Nyj/Dal/CarVinny Testaverde
49.4%
Teams Started For Quarterback % Correct
Jac/Atl/TBByron Leftwich
48.9%
CleDerek Anderson
48.2%
NO/OakAaron Brooks
46.7%
Stl/Cin/BufRyan Fitzpatrick
45.6%
CleBrady Quinn
45.6%
Bal/Sea/Cle/SFTrent Dilfer
45%
Jac/ChiJonathan Quinn
44.7%
ArzMatt Leinart
43.7%
Det/PitCharlie Batch
43.4%
MiaChad Henne
43.2%
Det/Mia/AtlJoey Harrington
42%
CleTim Couch
42%
BufTrent Edwards
39%
Pit/ChiKordell Stewart
38.5%
BufJ. P. Losman
38%
Bal/StlKyle Boller
36.7%
TBJosh Freeman
35.9%
Den/Mia/TB/ChiBrian Griese
35.5%
PitTommy Maddox
33.7%
Buf/SDDoug Flutie
33.3%
Dal/NyjQuincy Carter
33.1%
DalTroy Aikman
31.4%
PhiKevin Kolb
30.3%
Arz/OakJosh McCown
29.8%
SD/DalRyan Leaf
29.7%
SeaSeneca Wallace
29.6%
Cle/TBLuke McCown
29.6%
TB/DenChris Simms
29.5%
SFShaun Hill
27.6%
MiaJay Fiedler
27%
TB/Cle/OakBruce Gradkowski
26.5%
Dal/BalRandall Cunningham
26.3%
CarMatt Moore
25.4%
Atl/Chi/StlChris Chandler
25.2%
KC/BalElvis Grbac
25.1%
Phi/MiaA. J. Feeley
23.5%
KCWarren Moon
23.2%
Den/Cin/Min/Mia/StlGus Frerotte
22.2%
ChiCade McNown
21.7%
Mia/HouSage Rosenfels
21.7%
WasJeff George
21.3%
ChiJim Miller
20.4%
Car/SFChris Weinke
20.4%
WasPatrick Ramsey
20.1%
ArzDave Brown
19.9%
NyjKellen Clemens
19.7%
DetTy Detmer
19.7%
PhiKoy Detmer
19.6%
TB/ArzShaun King
19.4%
KCTyler Thigpen
19.2%
MiaCleo Lemon
18.7%
Bal/Was/HouTony Banks
17.6%
TenBilly Volek
17.5%
Cle/Sea/OakCharlie Frye
17.4%
Teams Started For Quarterback % Correct
Bal/AtlChris Redman
17.3%
PitDennis Dixon
17.2%
DetDan Orlovsky
16.8%
Cle/Buf/MinKelly Holcomb
16.6%
KCBrodie Croyle
16.5%
NO/Bal/ArzJeff Blake
15.8%
Mia/KCDamon Huard
15.7%
SeaBrock Huard
15.6%
DalDrew Henson
15.4%
Nyj/MinBrooks Bollinger
14.2%
SFJ. T. O'Sullivan
14%
TenNeil O'Donnell
14%
CarRodney Peete
13.9%
Det/PhiMike McMahon
13.7%
Dal/ChiChad Hutchinson
13.1%
SF/CleKen Dorsey
13.1%
MiaJohn Beck
12.8%
CinScott Mitchell
12.7%
OakAndrew Walter
12.5%
Car/DenSteve Beuerlein
12.4%
SDJim Harbaugh
12.3%
SF/TBTim Rattay
12.2%
DetDrew Stanton
11.8%
Chi/WasShane Matthews
11.8%
Dal/BalAnthony Wright
11.7%
OakRick Mirer
11.2%
StlJamie Martin
11.2%
MiaRay Lucas
9.9%
ChiCraig Krenzel
9.1%
WasDanny Wuerffel
8.8%
JacQuinn Gray
8.8%
Cle/MinSpergon Wynn
8.7%
OakMarques Tuiasosopo
8.4%
DetStoney Case
8.3%
CleDoug Pederson
8.3%
BufAlex Van Pelt
8%
Min/NOTodd Bouman
7.4%
PitKent Graham
7.3%
BufBrian Brohm
7.3%
Atl/DenDanny Kanell
6%
StlBrock Berlin
5.9%
ChiHenry Burris
5.7%
StlKeith Null
5.6%
ArzJohn Navarre
5.4%
TenMatt Mauck
5.4%
SDMoses Moreno
5.2%
AtlKurt Kittner
4.9%
HouDave Ragone
4.4%
DalClint Stoerner
4.4%
SFCody Pickett
4.4%
StlScott Covington
4%
CarRandy Fasani
3.5%
CarMatt Lytle
3.5%

From the Vault

True or False: Science

by bazmerelda

Science 4m
We hope you're not blinded by it.
Remove Ads.
Support Sporcle.
Get the best of Sporcle when you Go Orange. This ad-free experience offers more features, more stats, and more fun while also helping to support Sporcle. Thank you for becoming a member.

Show Comments

Extras

Top Quizzes Today


Score Distribution

Your Account Isn't Verified!

In order to create a playlist on Sporcle, you need to verify the email address you used during registration. Go to your Sporcle Settings to finish the process.

Report this User

Report this user for behavior that violates our Community Guidelines.

Details: